Prismas : revista de historia intelectual (Record no. 2026)
[ view plain ]
| 000 -CABECERA | |
|---|---|
| campo de control de longitud fija | 00561cas a22001932a 4500 |
| 001 - NÚMERO DE CONTROL | |
| campo de control | 000101 |
| 003 - IDENTIFICADOR DEL NÚMERO DE CONTROL | |
| campo de control | AR-FADEU |
| 008 - DATOS DE LONGITUD FIJA--INFORMACIÓN GENERAL | |
| campo de control de longitud fija | 311216n############xxu####################dd |
| 092 ## - ASIGNACIÓN LOCAL DE SIGNATURA TOPOGRÁFICA DEWEY (OCLC) | |
| Número de clasificación | PP(149.7)PRI |
| 245 ## - MENCIÓN DE TÍTULO | |
| Título | Prismas : revista de historia intelectual |
| 260 ## - PUBLICACIÓN, DISTRIBUCIÓN, ETC. (PIE DE IMPRENTA) | |
| Nombre del editor, distribuidor, etc. | Centro de Estudios e Investigaciones |
| 260 ## - PUBLICACIÓN, DISTRIBUCIÓN, ETC. (PIE DE IMPRENTA) | |
| Lugar de publicación, distribución, etc. | Bernal |
| 260 ## - PUBLICACIÓN, DISTRIBUCIÓN, ETC. (PIE DE IMPRENTA) | |
| Lugar de publicación, distribución, etc. | Universidad Nacional de Quilmes |
| 300 ## - DESCRIPCIÓN FÍSICA | |
| Otras características físicas | 1997 (1); 1998 (2); 1999 (3); 2000 (4); 2001 (5) |
| 310 ## - PERIODICIDAD ACTUAL | |
| Periodicidad actual | anual |
| 500 ## - NOTA GENERAL | |
| Nota general | Anuario del Programa de Historia Intelectual |
| 650 ## - PUNTO DE ACCESO ADICIONAL DE MATERIA--TÉRMINO DE MATERIA | |
| Término de materia o nombre geográfico como elemento inicial | HISTORIA |
| 942 ## - ELEMENTOS DE PUNTO DE ACCESO ADICIONAL (KOHA) | |
| Tipo de ítem Koha | PPGR |
No items available.